100 najpopularniejszych ludzi w historii - Statystyki

Ogólne statystyki
  • Ten quiz został rozwiązany 298 razy
  • Średni wynik to 31 z 100
Statystyki odpowiedzi
# Lata życia Narodowość Kategoria Imię i nazwisko % Poprawnych
13. 1889-1945 Austria Polityk Adolf Hitler
82%
3. 1452-1519 Włochy Wynalazca, artysta Leonardo Da Vinci
75%
30. 1473-1543 Polska Astronom Mikołaj Kopernik
74%
8. 1769-1821 Francja Dowódca wojskowy, polityk Napoleon Bonaparte
74%
10. 1756-1791 Austria Kompozytor Wolfgang Amadeusz Mozart
71%
45. 1879-1953 Gruzja Polityk Józef Stalin
70%
23. 1451-1506 Włochy Podróżnik Krzysztof Kolumb
70%
65. 1810-1849 Polska Kompozytor Fryderyk Chopin
68%
12. 4 p.n.e.-33 Izrael Postać religijna Jezus Chrystus
68%
19. 1879-1955 Niemcy Fizyk Albert Einstein
67%
4. 1643-1726 Wielka Brytania Fizyk Isaac Newton
65%
1. 570-632 Arabia Saudyjska Postać religijna Mahomet
63%
16. 470 p.n.e.-399 p.n.e. Grecja Filozof Sokrates
63%
17. 1946- Stany Zjednoczone Polityk Donald Trump
61%
9. 100 p.n.e.-44 p.n.e. Włochy Dowódca wojskowy, polityk Juliusz Cezar
57%
76. 1533-1603 Wielka Brytania Monarcha Elżbieta I
56%
40. 1926-2022 Wielka Brytania Monarcha Elżbieta II
56%
5. 1770-1827 Niemcy Kompozytor Ludwig van Beethoven
56%
79. 1867-1934 Polska Fizyk Maria Skłodowska-Curie
56%
7. 384 p.n.e.-321 p.n.e. Grecja Filozof Arystoteles
54%
2. 1162-1227 Mongolia Dowódca wojskowy Czyngis-chan
51%
56. 1856-1943 Chorwacja Wynalazca Nikola Tesla
51%
29. 1853-1890 Holandia Malarz Vincent Van Gogh
51%
18. 1685-1750 Niemcy Kompozytor Jan Sebastian Bach
50%
22. 1483-1546 Niemcy Postać religijna Marcin Luter
47%
20. 1475-1564 Włochy Artysta Michał Anioł
47%
11. 427 p.n.e.-347 p.n.e. Grecja Filozof Platon
47%
47. 1870-1924 Rosja Polityk Włodzimierz Lenin
47%
50. 1460-1524 Portugalia Podróżnik Vasco da Gama
46%
98. 1883-1945 Włochy Polityk Benito Mussolini
45%
31. 1480-1521 Portugalia Podróżnik Ferdynand Magellan
44%
53. 1881-1973 Hiszpania Malarz Pablo Picasso
43%
6. 356 p.n.e.-323 p.n.e. Grecja Dowódca wojskowy Aleksander Wielki
42%
36. 1809-1882 Wielka Brytania Biolog Karol Darwin
42%
68. 1942-2016 Stany Zjednoczone Bokser Muhammad Ali
42%
100. 570 p.n.e.-495 p.n.e. Frecha Filozof Pitagoras
42%
60. 1918-2013 Republika Południowej Afryki Aktywista Nelson Mandela
41%
46. 1847-1931 Stany Zjednoczone Wynalazca Thomas Edison
39%
67. 1821-1881 Rosja Pisarz Fiodor Dostojewski
38%
49. 1412-1431 Francja Dowódca wojskowy Joanna d’Arc
38%
64. 1869-1948 Indie Aktywista Mahatma Gandhi
38%
21. 1564-1616 Wielka Brytania Pisarz William Shakespeare
38%
32. 566 p.n.e.-452 p.n.e. Nepal Postać religijna, filozof Budda
37%
14. 1564-1642 Włochy Astronom Galileusz
35%
15. 1254-1324 Włochy Podróżnik Marco Polo
33%
26. 1813 p.n.e.-1638 p.n.e. Irak Postać religijna Abraham
32%
59. 1936- Argentyna Postać religijna Papież Franciszek
31%
28. 551 p.n.e.-479 p.n.e. Chiny Filozof Konfucjusz
29%
51. 1394-1468 Niemcy Wynalazca Jan Gutenberg
28%
25. 287 p.n.e.-212 p.n.e. Włochy Matematyk Archimedes
26%
84. 1904-1989 Hiszpania Malarz Salvador Dali
26%
61. 748-814 Francja Polityk Karol Wielki
25%
87. 1828-1910 Rosja Pisarz Lew Tołstoj
25%
82. 1889-1977 Wielka Brytania Aktor Charlie Chaplin
24%
35. 63 p.n.e.-14 Włochy Polityk Gajusz Oktawian
24%
74. 1805-1875 Dania Pisarz Hans Christian Andersen
23%
58. 1678-1741 Włochy Kompozytor Antonio Vivaldi
22%
27. 1856-1939 Czechy Psycholog Sigmund Freud
22%
37. 1818-1883 Niemcy Polityk, aktywista Karol Marks
19%
70. 1606-1669 Holandia Malarz Rembrandt
19%
89. 20 p.n.e.-31 Izrael Postać Religijna Jan Chrzciciel
17%
86. 247 p.n.e.-183 p.n.e. Tunezja Polityk Hannibal
16%
42. 1265-1321 Włochy Pisarz Dante Alighieri
15%
52. 800 p.n.e.-750 p.n.e. Turcja Pisarz Homer
15%
33. 1928-1967 Argentyna Polityk, aktywista Che Guevara
14%
80. 1924- Stany Zjednoczone Polityk Jimmy Carter
14%
62. 1844-1900 Niemcy Filozof Friedrich Nietzsche
13%
63. 1749-1832 Niemcy Pisarz Johann Wolfgang von Goethe
12%
66. 1723-1790 Wielka Brytania Ekonomista Adam Smith
11%
83. 1623-1662 Francja Matematyk Blaise Pascal
11%
91. 1883-1924 Austria Pisarz Franz Kafka
11%
39. 1724-1804 Rosja Filozof Immanuel Kant
10%
41. 1 p.n.e.-67 Izrael Postać religijna Piotr Apostoł
10%
44. 1743-1826 Stany Zjednoczone Polityk Thomas Jefferson
10%
72. 1707-1778 Szwecja Biolog Karol Linneusz
9%
73. 1469-1527 Włochy Filozof Niccolò Machiavelli
9%
55. 1483-1520 Włochy Malarz Rafael Santi
9%
95. 1732-1809 Austria Kompozytor Józef Haydn
8%
71. 1892-1973 Republika Południowej Afryki Pisarz J. R. R. Tolkien
8%
54. 5-66 Turcja Postać religijna Paweł Apostoł
8%
94. 1494-1566 Turcja Polityk Sulejman Wspaniały
8%
87. 460 p.n.e.-370 p.n.e. Grecja Fizyk Hipokrates
7%
86. 1822-1895 Francja Chemik Ludwik Pasteur
7%
77. 1694-1778 Francja Pisarz Wolter
7%
90. 406-453 Węgry Polityk Attyla
6%
92. 1632-1704 Wielka Brytania Filozof John Locke
5%
99. 1802-1885 Francja Pisarz Victor Hugo
5%
75. 484 p.n.e.-425 p.n.e. Turcja Historyk Herod Wielki
4%
81. 272-337 Serbia Polityk Konstantyn I Wielki
4%
24. 1393 p.n.e.-1273 p.n.e. Egipt Postać religijna Mesjasz
4%
69. 1881-1938 Grecja Polityk Mustafa Kemal Atatürk
4%
43. 1596-1650 Francja Filozof René Descartes
4%
78. 1138-1193 Irak Polityk Saladyn
4%
57. 1712-1778 Szwajcaria Pisarz Jean Jacques Rousseau
3%
34. 1638-1715 Francja Polityk Ludwik XIV Wielki
3%
38. 18 p.n.e.-35 Izrael Postać religijna Maria z Nazaretu
3%
48. 980-1037 Uzbekistan Filozof Awicenna
2%
93. 1561-1626 Wielka Brytania Filozof Francis Bacon
2%
88. 354-430 Algieria Filozof Augustyn z Hippony
1%
85. 1336-1405 Uzbekistan Dowódca wojskowy Timur Chromy
1%
Nie znaleziono quizów pasujących do podanych kryteriów
Rozkład punktacji
Procent ludzi z każdym wynikiem
Percentyl według liczby udzielonych odpowiedzi
Twoja historia wyników
Nie rozwiązałeś tego quizu